00312nam a2200109Ia 4500008004100000041000800041100002600049245005900075260002100134700002800155999001900183241105s9999 xx 000 0 und d aeng aPatil Yamini.9208848 aCity As A Stage : An Intervention At The Bhadra Plaza. bBNCA, Punec2018 a Andhare Sayali9208849 c361589d361589